000 01081nam a2200289 a 4500
001 000024527
005 20250621074007.0
008 110131s1983 dr 000 0 spa d
040 _aDO-SdBNP
_bspa
_cBNPHU
082 _a330.122
_bB828e
100 1 _aBrea, Ramonina
_98319
245 1 0 _aEnsayo sobre la formación del estado capitalista en la República Dominicana y Haití /
_cRamonina Brea.
260 _aSanto Domingo :
_bTaller,
_c1983.
300 _a216 p. ;
_c23 cm.
490 1 _aBiblioteca Taller
_v160
500 _aIncluye bibliografía y notas al pie de páginas.
504 _aBibliografía : p. 205-212.
590 _aInventariado, 2018/ YL
650 0 _aCapitalismo
_9280
650 4 _aEstado
_xEnsayos, conferencias , etc.
_944637
651 0 _aRepública Dominicana
_xPolítica y gobierno
_945
651 4 _aRepública Dominicana
_xCondiciones Económicas
_9281
651 4 _aHaití
_xPolítica Y Gobierno
_912667
651 4 _aHaití
_xCondiciones Económicas
_945335
830 0 _aBiblioteca Taller
_n160
_950263
910 _aValidado. Control de calidad EMS
999 _c24020
_d24020